00948 2200313 4500001002100000005001700021008004100038020001800079035002400097040001200121082002000133084002000153090002000173245014900193250001000342260004200352300004000394500002500434504001100459650001800470700002000488700001800508700002300526700002200549850001200571990001700583990001700600990001700617INLIS00000000000091420141120110525.0  a979-461-392-4 0010-111400000000272 aYOPDYOG aNUS 959.812 Lob aNUS 959.812 Lob aNUS 959.812 Lob aLOBU tua :bSejarah awal Barusc/ disunting oleh, Claude Guillot ; penerjemah, Daniel Perret ; penyunting, Naniek H. Wibisono, Ade Pristie Wahyo aEd.1. aJakartabYayasan Obor Indonesiac2002 a281 hlm.b: ilus. ;c28 cm [3 eks.] aTermasuk bibliografi aIndeks aBarus-Sejarah aGuillot, Claude aDaniel Perret aNaniek H. Wibisono aAde Pristie Wahyo aYOPDYOG a9821-PD/B.14 a9822-PD/B.14 a9823-PD/B.14